Gares les plus fréquentées en Bretagne - Statistiques

Statistiques générales
  • Ce quiz a été pris 917 fois
    828 depuis la dernière actualisation
  • Le résultat moyen est 10 sur 13
Statistiques - réponses
Voyageurs (2017) Gare % Correct
9,489,000 Rennes
100%
1,704,000 Brest
99%
930,000 Quimper
97%
1,225,000 Lorient
96%
1,428,000 Vannes
96%
1,244,000 Saint-Brieuc
89%
1,162,000 Saint-Malo
88%
532,000 Morlaix
71%
732,000 Redon
64%
542,000 Guingamp
55%
777,000 Auray
53%
751,000 Vitré
50%
582,000 Landerneau
45%
Aucun quiz correspondant
Distribution des résultats
% des personnes avec chaque résultat
Percentile par nombre de réponses
Votre historique - résultats
Vous n’avez pas pris ce quiz depuis la dernière actualisation